Türkiye'nin İlleri (Sınırlar) - Statistics

General Stats
  • This quiz has been taken 4 979 times
  • The average score is 47 of 81
Answers on the Map
Answers color-coded by a green-red scale on the quiz's map according to % correct below.
 
Answer Stats
Sınır İller Şehir % Correct
Adana, Niğde, Konya, Karaman, Antalya Mersin
86%
Ankara, Isparta, Afyon, Eskişehir, Karaman, Antalya, Niğde, Aksaray Konya
84%
Burdur, Isparta, Konya, Karaman, Mersin, Muğla Antalya
78%
Kütahya, Bilecik, Bolu, Ankara, Konya, Afyon Eskişehir
78%
Çanakkale, Edirne, Kırklareli, İstanbul Tekirdağ
78%
Osmaniye, Adana, Kayseri, Sivas, Malatya, Adıyaman, Gaziantep Kahramanmaraş
77%
Mersin, Niğde, Kayseri, Kahramanmaraş, Osmaniye, Hatay Adana
75%
Eskişehir, Bolu, Çankırı, Kırıkkale, Kırşehir, Aksaray, Konya Ankara
75%
Konya, Aksaray, Nevşehir, Kayseri, Adana, Mersin Niğde
75%
Konya, Ankara, Kırşehir, Nevşehir, Niğde Aksaray
74%
Konya, Antalya, Mersin Karaman
74%
İstanbul, Sakarya, Yalova, Bilecik, Bursa Kocaeli
74%
Çanakkale, Bursa, Kütahya, Manisa, İzmir Balıkesir
73%
Kocaeli, Tekirdağ Istanbul
73%
Burdur, Afyon, Konya, Antalya Isparta
72%
Sivas, Yozgat, Nevşehir, Niğde, Adana Kahramanmaraş Kayseri
72%
İzmir, Balıkesir, Kütahya, Uşak, Denizli, Aydın Manisa
72%
Muğla, Denizli, Manisa, İzmir Aydın
70%
Hatay, Adana, Kahramanmaraş, Gaziantep Osmaniye
70%
Düzce, Sakarya, Bilecik, Eskişehir, Ankara, Çankırı, Zonguldak, Karabük Bolu
69%
Balıkesir, Manisa, Aydın İzmir
69%
Eskişehir, Konya, Isparta, Denizli, Uşak, Kütahya, Burdur Afyonkarahisar
66%
Iğdır, Kars, Erzurum, Muş, Bitlis, Van Ağrı
66%
Antalya, Denizli, Muğla, Afyon, Isparta Burdur
66%
Karabük, Kastamonu, Çorum, Kırıkkale, Ankara, Bolu Çankırı
66%
Adana, Osmaniye, Gaziantep Hatay
66%
Bayburt, Rize, Artvin, Ardahan, Kars, Ağrı, Muş, Bingöl, Erzincan Erzurum
65%
Sivas, Kahramanmaraş, Adıyaman, Diyarbakır, Elazığ, Erzincan Malatya
64%
Aydın, Denizli, Burdur, Antalya Muğla
64%
Kahramanmaraş, Malatya, Diyarbakır, Şanlıurfa, Gaziantep Adıyaman
63%
Edirne, Tekirdağ, Balıkesir Çanakkale
63%
Gaziantep, Adıyaman, Diyarbakır, Mardin Şanlıurfa
63%
Yozgat, Tokat, Ordu, Giresun, Erzincan, Malatya, Kahramanmaraş, Kayseri Sivas
63%
Adıyaman, Batman, Bingöl, Elazığ, Mardin, Muş, Malatya, Şanlıurfa Diyarbakır
61%
Kırklareli, Tekirdağ, Çanakkale Edirne
61%
Aydın, Muğla, Burdur, Afyonkarahisar, Uşak, Manisa Denizli
60%
Çorum, Yozgat, Kırşehir, Ankara, Çankırı Kırıkkale
60%
Afyon, Bilecik, Manisa, Balıkesir, Bursa, Eskişehir, Uşak Kütahya
60%
Kilis, Osmaniye, Maraş, Adıyaman, Şanlıurfa Gaziantep
59%
Ankara, Kırıkkale, Yozgat, Nevşehir, Aksaray Kırşehir
59%
Ordu, Sivas, Erzincan, Gümüşhane, Trabzon Giresun
58%
Ardahan, Erzurum, Ağrı, Iğdır Kars
58%
Amasya, Samsun, Ordu, Sivas, Yozgat Tokat
58%
Ağrı, Bitlis, Siirt, Şırnak, Hakkari Van
58%
Malatya, Sivas, Giresun, Gümüşhane, Bayburt, Erzurum, Bingöl, Tunceli Erzincan
57%
Tekirdağ, Edirne Kırklareli
56%
Kırıkkale, Çorum, Amasya, Tokat, Sivas, Kayseri, Nevşehir, Kırşehir Yozgat
56%
Samsun, Tokat, Sivas, Giresun Ordu
55%
Trabzon, Bayburt, Erzurum, Artvin Rize
55%
Mardin, Siirt, Van, Hakkari Şırnak
55%
Trabzon, Rize, Erzurum, Erzincan, Gümüşhane Bayburt
54%
Balıkesir, Kütahya, Yalova, Bilecik, Sakarya, Kocaeli Bursa
54%
Diyarbakır, Bingöl, Erzurum, Ağrı, Bitlis, Batman Muş
54%
Van, Siirt, Batman, Muş, Ağrı Bitlis
53%
Amasya, Yozgat, Çankırı, Çorum
53%
Artvin, Erzurum, Kars Ardahan
52%
Batman, Bitlis, Van, Şırnak, Mardin Siirt
52%
Rize, Erzurum, Ardahan Artvin
51%
Muş, Erzincan, Erzurum, Tunceli, Elazığ, Diyarbakır Bingöl
51%
Şırnak, Van Hakkâri
51%
Bolu, Eskişehir, Kütahya, Bursa, Sakarya Bilecik
48%
Manisa, Kütahya, Afyon, Denizli Uşak
48%
Diyarbakır, Muş, Bitlis, Siirt, Mardin Batman
47%
Şanlıurfa, Diyarbakır, Batman, Siirt, Şırnak Mardin
47%
Sinop, Çorum, Amasya, Tokat, Ordu Samsun
46%
Kastamonu, Çorum, Samsun Sinop
46%
Bartın, Karabük, Çankırı, Çorum, Sinop Kastamonu
44%
Zonguldak, Bartın, Kastamonu, Çankırı, Bolu Karabük
42%
Bursa, Kocaeli Yalova
42%
Kars, Ağrı Iğdır
39%
Malatya, Erzincan, Tunceli, Bingöl, Diyarbakır Elazığ
38%
Giresun, Gümüşhane, Bayburt, Rize Trabzon
38%
Çorum, Samsun, Tokat, Yozgat Amasya
37%
Zonguldak, Karabük, Kastamonu Bartın
36%
Giresun, Trabzon, Bayburt, Erzincan Gümüşhane
36%
Düzce, Bolu, Bilecik, Kocaeli Sakarya
36%
Düzce, Bolu, Karabük, Bartın Zonguldak
36%
Zonguldak, Bolu, Sakarya Düzce
35%
Gaziantep Kilis
35%
Kırşehir, Yozgat, Kayseri, Niğde, Aksaray Nevşehir
29%
Erzincan, Bingöl, Elazığ Tunceli
23%
No matching quizzes found
Score Distribution
Percent of People with Each Score
Percentile by Number Answered
Your Score History
You have not taken this quiz